00630nam a2200169Ia 4500008004100000041001200041082001600053100001800069245010300087260003300190300001000223650001600233700001800249942000700267999001500274952017100289221030s9999 xx 000 0 und d aEnglish a105.23bMot aS. N. Motewar 0aComputer Programming in Fortran - IV with C Introduction to BASICcby S. N. Motewar, S. Domkundwar bDhanpat Rai PubaDelhic2000 a18.30 aBE Computer aS. Domkundwar cBK c1279d1279 pBE 5435g40.00l0o105.23 Motr2024-06-13 00:00:00w2022-10-30yBK003Print4070aMIETLIBbMIETLIBcBL-Academic Block C, FL-2, CUP-107, SH-4, R-4d2002-06-1210HBE